El poder de los jueces. Apuntes para un humanismo judicial.

Guardat en:
Dades bibliogràfiques
Autor principal: Herrendorf, Daniel Esteban (autor)
Format: Llibre
Idioma:anglès
Publicat: Xalapa, Veracruz, México: Universidad Veracruzana, 1992.
Edició:Primera edición.
Col·lecció:Estudios jurídicos y políticos.
Matèries:
Etiquetes: Afegir etiqueta
Sense etiquetes, Sigues el primer a etiquetar aquest registre!

MARC

LEADER 00000nam a22000007a 4500
003 CL-VaPUC
005 20220822114623.0
008 220714b ||||| |||| 00| 0 eng d
999 |c 437038  |d 437036 
020 |a 968-834-262-9 
040 |c Pontificia Universidad Católica de Valparaíso 
082 |2 22  |a 347.014 HER 1992 
100 |9 872913  |a Herrendorf, Daniel Esteban  |e autor 
245 |a  El poder de los jueces.   |b Apuntes para un humanismo judicial.  
250 |a Primera edición.  
260 |a Xalapa, Veracruz, México:   |b Universidad Veracruzana,   |c 1992. 
300 |a 173 páginas.  
490 |a Estudios jurídicos y políticos. 
500 |a c.1 Donación Familia Prof. Alejandro Guzmán Brito. 
583 |c 20220714  |k Yessy Sthefany Diaz Vidal 
650 0 |9 256162  |a Jueces  |x Proceso judicial  
650 0 |9 256162  |a Jueces  |x Poder judicial  
942 |2 ddc  |c BK  |n 0 
952 |0 0  |1 0  |2 ddc  |4 0  |6 347_014000000000000_HER_1992  |7 0  |8 C_AGB  |9 584779  |a BIBDER  |b BIBDER  |d 2022-07-14  |e Donación   |i 5652823  |o 347.014 HER 1992  |p 5652823  |r 2023-01-25  |t 1  |w 2022-07-14  |y BK_US  |k AGB